000 00433nam a2200157Ia 4500
008 240729s9999 xx 000 0 und d
022 _a2713-4148
245 0 _aClinical and Experimental Pediatrics
260 _aKorea, Republic of
260 _bThe Korean Pediatric Society
650 _a Pediatrics
650 _aMedicine
856 _uhttps://doaj.org/toc/4a2d677c96ee4bf0950a92d55cad6dcb
942 _2ddc
942 _cDOAJEJ
999 _c66458
_d66458
945 _a1
_bMadushi Gamage
_c1
_dMadushi Gamage